Economía matemática / (Registro nro. 5344)

Detalles MARC
000 -LEADER
fixed length control field 00871nam a2200253Ia 4500
003 - CONTROL NUMBER IDENTIFIER
control field OSt
005 - DATE AND TIME OF LATEST TRANSACTION
control field 20200608160559.0
008 - FIXED-LENGTH DATA ELEMENTS--GENERAL INFORMATION
fixed length control field 191128s2005 ck fr 000 0 spa d
020 ## - INTERNATIONAL STANDARD BOOK NUMBER
International Standard Book Number 9586826031
040 ## - CATALOGING SOURCE
Original cataloging agency CO-JMCR
Transcribing agency CO-JMCR
041 0# - LANGUAGE CODE
Language code of text/sound track or separate title spa
082 04 - DEWEY DECIMAL CLASSIFICATION NUMBER
Classification number 330.0151 /
Item number E716e
Edition number 23
100 1# - MAIN ENTRY--PERSONAL NAME
Personal name Escobar Uribe, Diego,
Relator term autor
9 (RLIN) 5196
245 10 - TITLE STATEMENT
Title Economía matemática /
Statement of responsibility, etc. Diego Escobar Uribe
250 ## - EDITION STATEMENT
Edition statement 2a. Edición
260 ## - PUBLICATION, DISTRIBUTION, ETC.
Place of publication, distribution, etc. Bogotá :
Name of publisher, distributor, etc. Universidad de los Andes : Alfaomega,
Date of publication, distribution, etc. 2005
300 ## - PHYSICAL DESCRIPTION
Extent vi, 301 páginas ;
Dimensions 24 cm.
504 ## - BIBLIOGRAPHY, ETC. NOTE
Bibliography, etc. note Bibliográfia: páginas 295-298
505 0# - FORMATTED CONTENTS NOTE
Formatted contents note Análisis convexo -- Aplicaciones económicas -- Ecuaciones diferenciales -- Ecuaciones en diferencia -- Optimización dinámica
650 14 - SUBJECT ADDED ENTRY--TOPICAL TERM
Topical term or geographic name entry element Economía matemática
9 (RLIN) 5197
650 14 - SUBJECT ADDED ENTRY--TOPICAL TERM
Topical term or geographic name entry element Análisis económico
9 (RLIN) 1810
650 14 - SUBJECT ADDED ENTRY--TOPICAL TERM
Topical term or geographic name entry element Econometría
9 (RLIN) 5198
942 ## - ADDED ENTRY ELEMENTS (KOHA)
Source of classification or shelving scheme Dewey Decimal Classification
Koha item type Books
Existencias
Withdrawn status Lost status Source of classification or shelving scheme Damaged status Not for loan Collection code Home library Current library Date acquired Source of acquisition Cost, normal purchase price Total Checkouts Full call number Barcode Date last seen Date last checked out Copy number Koha item type
    Dewey Decimal Classification     Non-fiction Biblioteca Pública José María del Castillo y Rada Biblioteca Pública José María del Castillo y Rada 04/15/2018 Donación 0.00 1 330.0151 / E716e 430001736 08/11/2025 08/08/2025 Ej.1 Books